| 000 | 00645nam a2200229 a 4500 | ||
|---|---|---|---|
| 001 | 25551 | ||
| 003 | CO-ViMGA | ||
| 008 | 141112s2004 ck r 000 u spa d | ||
| 020 | _a9789588461151 | ||
| 040 |
_aCO-ViMGA _bspa _cCO-ViMGA |
||
| 041 | _aSPA | ||
| 090 | _aN GAR28 | ||
| 100 | 1 |
_aGaray, Juan Carlos, 1974 - _939047 |
|
| 245 | 1 | 0 |
_aLa canción de la luna / _cJuan Carlos Garay |
| 250 | _a1a ed. | ||
| 260 |
_aBogotá : _bIcono, _c2011 |
||
| 300 | _a178 p. | ||
| 500 | _aIncluye biografía del autor en la solapa del libro. | ||
| 650 | 1 | 4 |
_aAUTORES COLOMBIANOS _932 |
| 650 | 1 | 4 |
_aNOVELA COLOMBIANA - SIGLO XXI _92137 |
| 942 |
_2ddc _cBK |
||
| 999 |
_c5130 _d5130 |
||